书目信息 |
| 题名: |
衍生金融工具
|
|
| 作者: | 叶永刚 主编 | |
| 分册: | ||
| 出版信息: | 北京 中国金融出版社 2004 |
|
| 页数: | 339页 | |
| 开本: | 24cm | |
| 丛书名: | ||
| 单 册: | ||
| 中图分类: | F830.9 | |
| 科图分类: | ||
| 主题词: | 金融市场--高等学校--教材 , 金融市场 | |
| 电子资源: | ||
| ISBN: | 7-5049-3137-3 | |
| 000 | 00801nam0 2200253 450 | |
| 001 | 070730000034 | |
| 005 | 20071015150852.98 | |
| 010 | @a7-5049-3137-3@dCNY28.00 | |
| 100 | @a20040319d2004 em y0chiy0110 ea | |
| 101 | 0 | @achi |
| 102 | @aCN@b110000 | |
| 105 | @ay z 000yy | |
| 200 | 1 | @a衍生金融工具@Ayan sheng jin rong gong ju@f叶永刚主编 |
| 210 | @a北京@c中国金融出版社@d2004 | |
| 215 | @a339页@d24cm | |
| 300 | @a21世纪高等学校金融学系列教材 | |
| 330 | @a本教材阐述了衍生金融工具的基本原理,介绍了衍生金融工具的品种及其应用,分析了衍生金融工具的风险与风险管理方面的内容。 | |
| 606 | 0 | @a金融市场@x高等学校@j教材 |
| 606 | 0 | @a金融市场 |
| 610 | 0 | @a金融工具 |
| 690 | @aF830.9@v4 | |
| 701 | 0 | @a叶永刚@Aye yong gang@c(经济学博士)@4主编 |
| 801 | 0 | @aCN@c20071015 |
| 905 | @dF830.9@eY468 | |
| 衍生金融工具/叶永刚主编.-北京:中国金融出版社,2004 |
| 339页;24cm |
| 21世纪高等学校金融学系列教材 |
| ISBN 7-5049-3137-3:CNY28.00 |
| 本教材阐述了衍生金融工具的基本原理,介绍了衍生金融工具的品种及其应用,分析了衍生金融工具的风险与风险管理方面的内容。 |
| ● |
| 相关链接 |
|
|
|
正题名:衍生金融工具
索取号:F830.9/Y468
 
预约/预借
| 序号 | 登录号 | 条形码 | 馆藏地/架位号 | 状态 | 备注 |
| 1 | 650074 | 206500749 | 社科库409/409社科库 52排4列5层/ [索取号:F830.9/Y468] | 在馆 |